<?xml version="1.0" encoding="UTF-8"?>
<collection xmlns="http://www.loc.gov/MARC21/slim">
 <record>
  <leader>01726nam a2200325 a 4500</leader>
  <controlfield tag="001">3446562</controlfield>
  <controlfield tag="003">BD-DhAAL</controlfield>
  <controlfield tag="008">091028s1991    bg       bs   000 0 eng d</controlfield>
  <datafield tag="999" ind1=" " ind2=" ">
   <subfield code="c">5413</subfield>
   <subfield code="d">5413</subfield>
  </datafield>
  <datafield tag="010" ind1=" " ind2=" ">
   <subfield code="a">   91906766 </subfield>
  </datafield>
  <datafield tag="020" ind1=" " ind2=" ">
   <subfield code="a">9840511580 </subfield>
  </datafield>
  <datafield tag="040" ind1=" " ind2=" ">
   <subfield code="a">DLC</subfield>
   <subfield code="c">DLC</subfield>
   <subfield code="d">DLC</subfield>
   <subfield code="d">BD-DhAAL</subfield>
  </datafield>
  <datafield tag="082" ind1="0" ind2="0">
   <subfield code="a">338.1091724</subfield>
   <subfield code="2">20</subfield>
  </datafield>
  <datafield tag="245" ind1="0" ind2="0">
   <subfield code="a">Public allocative strategies, rural development, and poverty alleviation :</subfield>
   <subfield code="b">a global perspective /</subfield>
   <subfield code="c">edited by Rehman Sobhan.</subfield>
  </datafield>
  <datafield tag="260" ind1=" " ind2=" ">
   <subfield code="a">Dhaka :</subfield>
   <subfield code="b">University Press,</subfield>
   <subfield code="c">1991.</subfield>
  </datafield>
  <datafield tag="300" ind1=" " ind2=" ">
   <subfield code="a">138 pages ;</subfield>
   <subfield code="c">25 cm.</subfield>
  </datafield>
  <datafield tag="500" ind1=" " ind2=" ">
   <subfield code="a">With reference to the developing countries, based on the FAO data.</subfield>
  </datafield>
  <datafield tag="504" ind1=" " ind2=" ">
   <subfield code="a">Includes bibliographical references (p. [137]-138).</subfield>
  </datafield>
  <datafield tag="526" ind1=" " ind2=" ">
   <subfield code="a">BIED</subfield>
  </datafield>
  <datafield tag="541" ind1="1" ind2=" ">
   <subfield code="a">Complimentary copy from BIED</subfield>
   <subfield code="e">0006196, 36136</subfield>
  </datafield>
  <datafield tag="650" ind1=" " ind2="0">
   <subfield code="a">Agriculture</subfield>
   <subfield code="x">Economic aspects</subfield>
   <subfield code="z">Developing countries</subfield>
   <subfield code="x">Statistics.</subfield>
   <subfield code="9">35886</subfield>
  </datafield>
  <datafield tag="650" ind1=" " ind2="0">
   <subfield code="a">Food relief</subfield>
   <subfield code="z">Developing countries</subfield>
   <subfield code="x">Statistics.</subfield>
   <subfield code="9">35887</subfield>
  </datafield>
  <datafield tag="650" ind1=" " ind2="0">
   <subfield code="a">Rural poor</subfield>
   <subfield code="z">Developing countries.</subfield>
   <subfield code="9">35888</subfield>
  </datafield>
  <datafield tag="700" ind1="1" ind2=" ">
   <subfield code="a">Sobhan, Rehman.</subfield>
   <subfield code="9">35889</subfield>
  </datafield>
  <datafield tag="710" ind1="2" ind2=" ">
   <subfield code="a">Food and Agriculture Organization of the United Nations.</subfield>
   <subfield code="9">35890</subfield>
  </datafield>
  <datafield tag="852" ind1="4" ind2=" ">
   <subfield code="a">Ayesha Abed Library</subfield>
   <subfield code="j">General Shelf</subfield>
  </datafield>
  <datafield tag="942" ind1=" " ind2=" ">
   <subfield code="2">ddc</subfield>
   <subfield code="c">BK</subfield>
  </datafield>
  <datafield tag="952" ind1=" " ind2=" ">
   <subfield code="0">0</subfield>
   <subfield code="1">0</subfield>
   <subfield code="2">ddc</subfield>
   <subfield code="4">0</subfield>
   <subfield code="6">338_109172400000000_PUB_1991</subfield>
   <subfield code="7">0</subfield>
   <subfield code="9">5284</subfield>
   <subfield code="a">BRACUL</subfield>
   <subfield code="b">BRACUL</subfield>
   <subfield code="c">GEN</subfield>
   <subfield code="d">2009-11-11</subfield>
   <subfield code="g">300.00</subfield>
   <subfield code="l">0</subfield>
   <subfield code="o">338.1091724 PUB</subfield>
   <subfield code="p">3010006196</subfield>
   <subfield code="r">2009-11-11</subfield>
   <subfield code="t">1</subfield>
   <subfield code="v">600.00</subfield>
   <subfield code="w">2009-11-11</subfield>
   <subfield code="y">BK</subfield>
  </datafield>
  <datafield tag="952" ind1=" " ind2=" ">
   <subfield code="0">0</subfield>
   <subfield code="1">0</subfield>
   <subfield code="2">ddc</subfield>
   <subfield code="4">0</subfield>
   <subfield code="6">338_100000000000000_09172_4_PUB</subfield>
   <subfield code="7">0</subfield>
   <subfield code="9">24248</subfield>
   <subfield code="a">SCL</subfield>
   <subfield code="b">SCL</subfield>
   <subfield code="c">GEN</subfield>
   <subfield code="d">1998-11-24</subfield>
   <subfield code="g">300.00</subfield>
   <subfield code="l">0</subfield>
   <subfield code="o">338.1091724 PUB</subfield>
   <subfield code="p">3020001164</subfield>
   <subfield code="r">2014-04-28</subfield>
   <subfield code="t">2</subfield>
   <subfield code="w">2014-04-28</subfield>
   <subfield code="y">BK</subfield>
  </datafield>
  <datafield tag="952" ind1=" " ind2=" ">
   <subfield code="0">0</subfield>
   <subfield code="1">0</subfield>
   <subfield code="2">ddc</subfield>
   <subfield code="4">0</subfield>
   <subfield code="6">338_109172400000000_PUB</subfield>
   <subfield code="7">0</subfield>
   <subfield code="9">66686</subfield>
   <subfield code="a">BRACUL</subfield>
   <subfield code="b">BRACUL</subfield>
   <subfield code="c">GEN</subfield>
   <subfield code="d">2019-10-14</subfield>
   <subfield code="e">Complimentary copy from BIED</subfield>
   <subfield code="l">0</subfield>
   <subfield code="o">338.1091724 PUB</subfield>
   <subfield code="p">3010036136</subfield>
   <subfield code="r">2019-10-14</subfield>
   <subfield code="t">3</subfield>
   <subfield code="w">2019-10-14</subfield>
   <subfield code="y">BK</subfield>
   <subfield code="x">Transferred from BIED to General Stacks</subfield>
  </datafield>
 </record>
</collection>
